[Event "Sparkassen-Open A"]
[Site "Heusenstamm, Martinsee"]
[Date "2024.11.22"]
[Round "2.1"]
[White "Jacobs, Thomas"]
[Black "Memmeler, Björn"]
[Result "1/2-1/2"]
[WhiteElo "1841"]
[BlackElo "1691"]
[PlyCount "42"]
[EventDate "2024.11.21"]
[WhiteTeam "SV 1929 Raunheim"]
[BlackTeam "Schachfüchse Kempen 1986 e. V."]

1. c4 e6 2. g3 d5 3. Bg2 Nf6 4. b3 Be7 5. Bb2 O-O 6. Nf3 Nbd7 7. O-O Rb8 8. Nc3 c5 9. cxd5 Nxd5 10. Rc1 Nxc3 11. Bxc3 Bf6 12. Bxf6 Qxf6 13. d3 b6 14. Rc4 Ne5 15. Nxe5 Qxe5 16. b4 cxb4 17. Rxb4 Bb7 18. d4 Qd6 19. Qb3 Bxg2 20. Kxg2 Rfc8 21. e3 Rb7 1/2-1/2

[Event "Sparkassen-Open A"]
[Site "Heusenstamm, Martinsee"]
[Date "2024.11.22"]
[Round "2.2"]
[White "Schneider, Felix"]
[Black "Berkes, Jörg"]
[Result "1/2-1/2"]
[WhiteElo "1692"]
[BlackElo "1836"]
[PlyCount "101"]
[EventDate "2024.11.21"]
[WhiteTeam "SK Bad Homburg 1927"]
[BlackTeam "SK Langen"]

1. Nf3 Nf6 2. c4 g6 3. b3 Bg7 4. Bb2 O-O 5. g3 d6 6. d4 c6 7. Bg2 Qa5+ 8. Qd2 Qb6 9. Nc3 Bf5 10. Nh4 Bd7 11. O-O Re8 12. e4 e5 13. dxe5 dxe5 14. Rad1 Bg4 15. Nf3 Na6 16. Na4 Qc7 17. Qe2 Rad8 18. h3 Bxf3 19. Bxf3 h5 20. Qe3 b6 21. Rd3 Nb4 22. Rxd8 Rxd8 23. a3 Nc2 24. Qe2 Nd4 25. Bxd4 exd4 26. Nb2 c5 27. Nd3 Nh7 28. h4 Qd7 29. Bg2 Re8 30. f4 Bh6 31. e5 Nf8 32. Kh2 f5 33. Bd5+ Ne6 34. Qc2 Kh7 35. Qg2 Qd8 36. Bc6 Rf8 37. Re1 Qc7 38. Bd5 Qe7 39. a4 Rd8 40. Ra1 a5 41. Re1 Nc7 42. Bb7 Rb8 43. Qf3 Nb5 44. axb5 Rxb7 45. Qc6 Bf8 46. Re2 Qc7 47. Qxc7+ Rxc7 48. Ra2 Kg7 49. Kg2 Kf7 50. Kf3 Ke6 51. Ra1 1/2-1/2

[Event "Sparkassen-Open A"]
[Site "Heusenstamm, Martinsee"]
[Date "2024.11.22"]
[Round "2.3"]
[White "Englert, Lin"]
[Black "Sikorra, Philipp"]
[Result "1/2-1/2"]
[WhiteElo "1683"]
[BlackElo "1801"]
[PlyCount "97"]
[EventDate "2024.11.21"]
[WhiteTeam "TV-Großostheim 1900 e.V."]
[BlackTeam "SF Schönwald"]

1. d4 Nf6 2. c4 g6 3. Nc3 Bg7 4. e4 d6 5. f3 O-O 6. Be3 e5 7. dxe5 dxe5 8. Qxd8 Rxd8 9. Nd5 Nxd5 10. cxd5 c6 11. Bc4 a5 12. a4 Bf8 13. Ne2 cxd5 14. Bxd5 Na6 15. O-O Nb4 16. Bb6 Re8 17. Nc3 Ra6 18. Bf2 Nxd5 19. Nxd5 Rc6 20. Rfc1 Ree6 21. Nb6 Re8 22. Rxc6 bxc6 23. Rc1 Bb7 24. Nc4 Bb4 25. Bb6 f6 26. Bxa5 Bc5+ 27. Kh1 Ra8 28. b3 Bc8 29. b4 Bd4 30. Nb6 Bxb6 31. Bxb6 Rxa4 32. Rxc6 Bd7 33. Rxf6 Rxb4 34. Rd6 Rb5 35. h3 Rb3 36. Bc7 Bxh3 37. Rd8+ Kf7 38. Bxe5 Be6 39. Ra8 h5 40. Ra7+ Kf8 41. Bd6+ Kg8 42. Re7 Bf7 43. e5 Rb1+ 44. Kh2 Re1 45. Kg3 Re2 46. Kh3 g5 47. Ba3 g4+ 48. Kg3 Bd5 49. Re8+ 1/2-1/2

[Event "Sparkassen-Open A"]
[Site "Heusenstamm, Martinsee"]
[Date "2024.11.22"]
[Round "2.4"]
[White "Bardorz, Stefan"]
[Black "Nain, Medhansh"]
[Result "1/2-1/2"]
[WhiteElo "1800"]
[BlackElo "1685"]
[PlyCount "89"]
[EventDate "2024.11.21"]
[WhiteTeam "TSV 1869 e. V. Rottendorf"]
[BlackTeam "Schachforum Darmstadt 1994"]

1. e4 e5 2. Nf3 Nc6 3. Bc4 Bc5 4. c3 Nf6 5. d3 d6 6. Bb3 Be6 7. Bc2 Bg4 8. Be3 Bb6 9. Nbd2 O-O 10. O-O d5 11. h3 Bh5 12. Re1 h6 13. Nf1 dxe4 14. dxe4 Qxd1 15. Raxd1 Bxe3 16. Rxe3 Rad8 17. Rdd3 Bxf3 18. Rxf3 Nh5 19. g3 Rxd3 20. Rxd3 Rd8 21. Ne3 Rxd3 22. Bxd3 Ne7 23. b4 Nf6 24. a4 Kf8 25. Kg2 Nc8 26. f4 Nd7 27. Kf3 Ke7 28. Nf5+ Kf6 29. c4 Nd6 30. c5 Nxf5 31. exf5 exf4 32. Kxf4 Ne5 33. Be4 b6 34. cxb6 cxb6 35. g4 g6 36. Ke3 Ke7 37. Kd4 Kd6 38. a5 bxa5 39. bxa5 f6 40. Bg2 Nc6+ 41. Bxc6 Kxc6 42. Kc4 a6 43. Kd4 Kd6 44. Kc4 Kc6 45. Kd4 1/2-1/2

[Event "Sparkassen-Open A"]
[Site "Heusenstamm, Martinsee"]
[Date "2024.11.22"]
[Round "2.5"]
[White "Glavev, Danail"]
[Black "Pyshny, Antonia"]
[Result "1/2-1/2"]
[WhiteElo "1680"]
[BlackElo "1796"]
[PlyCount "97"]
[EventDate "2024.11.21"]
[WhiteTeam "SK Bad Homburg 1927"]
[BlackTeam "SC Eschborn 1974"]

1. e4 e5 2. Nf3 Nc6 3. d4 exd4 4. Bc4 Bb4+ 5. c3 dxc3 6. O-O Nge7 7. a3 Bd6 8. Nxc3 O-O 9. b4 Ne5 10. Nxe5 Bxe5 11. Bb2 d6 12. f4 Bf6 13. Qf3 Be6 14. Bd3 Bd4+ 15. Kh1 c6 16. Rad1 Bb3 17. Rd2 d5 18. e5 Bxc3 19. Bxc3 Qc7 20. f5 Bc4 21. f6 Ng6 22. fxg7 Rfe8 23. Bxg6 fxg6 24. Rff2 Qxg7 25. Qe3 Re6 26. h3 b6 27. Rd1 Rf8 28. Rdd2 Rxf2 29. Rxf2 Qe7 30. Bd4 c5 31. bxc5 bxc5 32. Bxc5 Rxe5 33. Bxe7 Rxe3 34. Bc5 Re1+ 35. Kh2 a6 36. Kg3 Rf1 37. Rxf1 Bxf1 38. Kf2 Bc4 39. g3 Kf7 40. Ke3 Ke6 41. Kd4 Kf5 42. h4 Kg4 43. Bd6 h5 44. Bc7 g5 45. hxg5 Kxg5 46. Bf4+ Kg4 47. Bd6 h4 48. gxh4 Kxh4 49. Bf8 1/2-1/2

[Event "Sparkassen-Open A"]
[Site "Heusenstamm, Martinsee"]
[Date "2024.11.22"]
[Round "2.6"]
[White "Englert, Fred"]
[Black "Kesavan, Sarvesh"]
[Result "0-1"]
[WhiteElo "1790"]
[BlackElo "1669"]
[PlyCount "70"]
[EventDate "2024.11.21"]
[WhiteTeam "SK 1982 Klingenberg e.V."]
[BlackTeam "SK Bad Homburg 1927"]

1. c4 e5 2. g3 Nf6 3. Nc3 d5 4. cxd5 Nxd5 5. Bg2 Be6 6. Nf3 f6 7. O-O c6 8. d4 exd4 9. Qxd4 Na6 10. Nxd5 Qxd5 11. Bd2 Nc7 12. e4 Qxd4 13. Nxd4 Bc5 14. Bc3 Kf7 15. Rfd1 Rhd8 16. Rac1 Bxa2 17. b4 Bb6 18. Rd2 Bc4 19. Rcd1 Nb5 20. Nxb5 Bxb5 21. Rd7+ Ke8 22. Bh3 c5 23. R7d2 Rxd2 24. Rxd2 Rd8 25. Bg2 Rd3 26. Bf1 Rxc3 27. Bxb5+ Kf7 28. bxc5 Rxc5 29. Rd7+ Ke6 30. Rxg7 Rxb5 31. Rxh7 a5 32. Kg2 a4 33. Rxb7 a3 34. Rb8 a2 35. Ra8 Ra5 0-1

[Event "Sparkassen-Open A"]
[Site "Heusenstamm, Martinsee"]
[Date "2024.11.22"]
[Round "2.7"]
[White "Niesel, Sebastian"]
[Black "Hofmann, Werner"]
[Result "0-1"]
[WhiteElo "1670"]
[BlackElo "1789"]
[PlyCount "100"]
[EventDate "2024.11.21"]
[WhiteTeam "SV 1934 Ffm-Griesheim"]
[BlackTeam "SV 1920 Kelsterbach"]

1. e4 c6 2. d4 d5 3. exd5 cxd5 4. Bf4 Nc6 5. c3 Nf6 6. Nd2 Bg4 7. Qb3 Qc8 8. Bd3 e6 9. Ngf3 a6 10. O-O Be7 11. Rfe1 Nh5 12. Be3 Nf6 13. Bf4 Bh5 14. Rac1 Bg6 15. Qc2 Bxd3 16. Qxd3 Nh5 17. Bg3 Nxg3 18. hxg3 O-O 19. Ne5 Bg5 20. Nxc6 Qxc6 21. c4 Bxd2 22. Qxd2 dxc4 23. b3 b5 24. bxc4 bxc4 25. Qb4 Rfc8 26. Re5 Rab8 27. Qc5 Rb5 28. Rxc4 Rxc5 29. Rexc5 Qxc5 30. Rxc5 Rxc5 31. dxc5 Kf8 32. Kf1 Ke7 33. Ke2 Kd7 34. Kd3 Kc6 35. Kc4 h5 36. f4 a5 37. a4 f6 38. Kd4 g6 39. g4 hxg4 40. g3 e5+ 41. fxe5 fxe5+ 42. Kxe5 Kxc5 43. Kf6 Kb4 44. Kxg6 Kxa4 45. Kg5 Kb4 46. Kxg4 a4 47. Kh5 a3 48. g4 a2 49. g5 a1=Q 50. g6 Qg7 0-1

[Event "Sparkassen-Open A"]
[Site "Heusenstamm, Martinsee"]
[Date "2024.11.22"]
[Round "2.8"]
[White "Kludszuweit, Kim Ira"]
[Black "Neagu, Liviu"]
[Result "1-0"]
[WhiteElo "1658"]
[BlackElo "1781"]
[PlyCount "67"]
[EventDate "2024.11.21"]
[WhiteTeam "SF Essen-Werden 1924/"]
[BlackTeam "Wiesbaden"]

1. e4 c5 2. Nf3 Nc6 3. a3 d5 4. exd5 Qxd5 5. Nc3 Qd8 6. Bc4 Nf6 7. O-O e6 8. d3 Be7 9. Re1 O-O 10. Ne4 Nxe4 11. Rxe4 b6 12. c3 Bb7 13. Rg4 Bf6 14. Bh6 Kh8 15. Bg5 Na5 16. Bxf6 Qxf6 17. Rg3 Nxc4 18. dxc4 Rad8 19. Qe2 Rd6 20. Ng5 Rfd8 21. Rf1 Kg8 22. Qg4 Qg6 23. Qh4 h6 24. Nh3 Qh7 25. Nf4 Rd1 26. Nd5 Rxf1+ 27. Kxf1 Qb1+ 28. Ke2 Qc2+ 29. Ke1 Qc1+ 30. Ke2 Rd6 31. Rxg7+ Kxg7 32. Qf6+ Kg8 33. Ne7+ Kf8 34. Ng6+ 1-0

[Event "Sparkassen-Open A"]
[Site "Heusenstamm, Martinsee"]
[Date "2024.11.22"]
[Round "2.9"]
[White "Fang, Borui"]
[Black "Usatenko, Ksenia"]
[Result "1-0"]
[WhiteElo "1775"]
[BlackElo "1656"]
[PlyCount "131"]
[EventDate "2024.11.21"]
[WhiteTeam "SV Oberursel"]
[BlackTeam "Hanau"]

1. e4 c5 2. Nc3 e6 3. g3 Nc6 4. Bg2 b6 5. d3 Bb7 6. Nge2 Be7 7. O-O d6 8. h3 Nf6 9. Be3 O-O 10. f4 d5 11. e5 Nd7 12. d4 cxd4 13. Nxd4 Rc8 14. Nce2 Nxd4 15. Nxd4 Ba6 16. Re1 Qc7 17. Qg4 Rfe8 18. c3 Bd3 19. Rad1 Bg6 20. h4 h6 21. h5 Bh7 22. Bh3 Bc5 23. Nb5 Qb7 24. Bxc5 Nxc5 25. Nd6 Qc6 26. Nxe8 Qxe8 27. Bg2 Be4 28. Bxe4 Nxe4 29. Qf3 Qb5 30. Re2 Nxg3 31. Rg2 Nf5 32. Rdd2 Qc5+ 33. Kh1 Qe3 34. Qg4 Qe1+ 35. Kh2 Qh4+ 36. Qxh4 Nxh4 37. Rgf2 Rc4 38. Rd4 Rc7 39. a4 Nf5 40. Rb4 Kf8 41. Kg2 Ke8 42. Kf3 g6 43. hxg6 fxg6 44. Rf1 h5 45. Ra1 Kd8 46. Kf2 Rg7 47. a5 Kc7 48. axb6+ axb6 49. Rba4 Kc6 50. c4 d4 51. b4 b5 52. Ra6+ Kb7 53. cxb5 d3 54. Rd1 Rd7 55. Rxe6 Rd4 56. Rxg6 Rxf4+ 57. Ke1 Re4+ 58. Kd2 Rxe5 59. Kxd3 Rd5+ 60. Ke2 Nd4+ 61. Kf2 Rf5+ 62. Kg2 Rd5 63. b6 Rd8 64. Rf1 Rd7 65. Ra1 Nb5 66. Ra5 1-0

[Event "Sparkassen-Open A"]
[Site "Heusenstamm, Martinsee"]
[Date "2024.11.22"]
[Round "2.10"]
[White "Kuran, Rainer"]
[Black "Al Luwaisi, Moutaz"]
[Result "1/2-1/2"]
[WhiteElo "1652"]
[BlackElo "1769"]
[PlyCount "103"]
[EventDate "2024.11.21"]
[WhiteTeam "Karlsruhe"]
[BlackTeam "SC ML Kastellaun"]

1. e4 c6 2. d4 d5 3. Nc3 dxe4 4. Nxe4 Nf6 5. Nxf6+ exf6 6. Nf3 Na6 7. Be3 Nc7 8. Be2 Bd6 9. c3 O-O 10. O-O Re8 11. Re1 Nd5 12. Bc1 Qc7 13. h3 Bd7 14. Nd2 Nf4 15. Bf1 Rxe1 16. Qxe1 Re8 17. Qd1 Qc8 18. Nc4 Bc7 19. Bxf4 Bxf4 20. Qf3 Bc7 21. Ne3 a5 22. Bd3 h6 23. Bf5 Bxf5 24. Nxf5 Qe6 25. Kf1 Bd6 26. Qg4 Kh7 27. Nxd6 Qxd6 28. Re1 Rxe1+ 29. Kxe1 Qe6+ 30. Qxe6 fxe6 31. a4 Kg6 32. Ke2 Kf5 33. Ke3 h5 34. g3 e5 35. f3 g5 36. g4+ hxg4 37. fxg4+ Ke6 38. Ke4 exd4 39. Kxd4 f5 40. gxf5+ Kxf5 41. Kc5 Kf4 42. Kb6 Kg3 43. Kxb7 Kxh3 44. b4 axb4 45. cxb4 g4 46. a5 g3 47. a6 g2 48. a7 g1=Q 49. a8=Q Qg7+ 50. Kb6 Qd4+ 51. Kc7 Qxb4 52. Qxc6 1/2-1/2

[Event "Sparkassen-Open A"]
[Site "Heusenstamm, Martinsee"]
[Date "2024.11.22"]
[Round "2.11"]
[White "Avhopulo, Kirill"]
[Black "Karres, David Tobias"]
[Result "1/2-1/2"]
[WhiteElo "1743"]
[BlackElo "1636"]
[PlyCount "71"]
[EventDate "2024.11.21"]
[WhiteTeam "SK Marburg 1931/72"]
[BlackTeam "SF Heidelberg"]

1. d4 Nf6 2. c4 e6 3. Nc3 Bb4 4. Bd2 c5 5. Nf3 Nc6 6. dxc5 Bxc5 7. g3 Qb6 8. e3 Qc7 9. Bg2 O-O 10. O-O d5 11. cxd5 Nxd5 12. Nxd5 exd5 13. Bc3 Rd8 14. Nd4 a5 15. a3 Nxd4 16. Bxd4 Bxd4 17. Qxd4 Be6 18. Rac1 Qd6 19. Rc3 Rac8 20. Rfc1 Rc4 21. Qd2 b6 22. Bf1 Rxc3 23. Rxc3 Bf5 24. Qd4 Rb8 25. h4 b5 26. Rc5 Be4 27. Rxb5 Rxb5 28. Bxb5 Qe6 29. Qa7 g5 30. Qd7 Qf6 31. Qg4 Qxb2 32. Qxg5+ Kh8 33. Qd8+ Kg7 34. Qg5+ Kh8 35. Qd8+ Kg7 36. Qg5+ 1/2-1/2

[Event "Sparkassen-Open A"]
[Site "Heusenstamm, Martinsee"]
[Date "2024.11.22"]
[Round "2.12"]
[White "Brunner, Andreas"]
[Black "Ziegler, Christopher"]
[Result "0-1"]
[WhiteElo "1639"]
[BlackElo "1733"]
[PlyCount "66"]
[EventDate "2024.11.21"]
[WhiteTeam "FV Berkersheim"]
[BlackTeam "SV 1920 Kelsterbach"]

1. d4 Nf6 2. Nf3 g6 3. c4 c5 4. e3 Bg7 5. Be2 O-O 6. O-O cxd4 7. Nxd4 Nc6 8. Nc3 d6 9. a3 Qb6 10. Na4 Qd8 11. Nc3 Bd7 12. Qc2 Rc8 13. Rd1 a6 14. b3 Qc7 15. Nxc6 Bxc6 16. Bb2 Rfd8 17. Rac1 d5 18. Ba1 dxc4 19. Rxd8+ Rxd8 20. bxc4 Qa5 21. Nb1 Be4 22. Qc3 Qg5 23. Bf1 Ne8 24. Qxg7+ Nxg7 25. Nc3 Bc6 26. Ne2 Rd2 27. Ng3 Nf5 28. Bc3 Rxf2 29. Rd1 f6 30. e4 Qe3 31. Rd8+ Kf7 32. exf5 Rd2+ 33. Kh1 Rxd8 0-1

[Event "Sparkassen-Open A"]
[Site "Heusenstamm, Martinsee"]
[Date "2024.11.22"]
[Round "2.13"]
[White "Joshi, Kanad"]
[Black "Sharma, Aarav"]
[Result "1-0"]
[WhiteElo "1732"]
[BlackElo "1598"]
[PlyCount "39"]
[EventDate "2024.11.21"]
[WhiteTeam "SV Oberursel"]
[BlackTeam "SAbt TuS Makkabi Ffm"]

1. e4 c6 2. d3 d5 3. Nd2 e5 4. Ngf3 Bg4 5. h3 Bh5 6. Be2 Qb6 7. Nxe5 Bxe2 8. Qxe2 Bd6 9. exd5 Bxe5 10. Qxe5+ Kf8 11. Qd6+ Ne7 12. Nc4 Na6 13. Nxb6 axb6 14. dxc6 bxc6 15. Bd2 Ke8 16. O-O Rd8 17. Qg3 Nf5 18. Rfe1+ Kf8 19. Qg5 Rd5 20. a4 1-0

[Event "Sparkassen-Open A"]
[Site "Heusenstamm, Martinsee"]
[Date "2024.11.22"]
[Round "2.14"]
[White "Eckert, Michael"]
[Black "Negru, Maximilian"]
[Result "0-1"]
[WhiteElo "1729"]
[BlackElo "1556"]
[PlyCount "100"]
[EventDate "2024.11.21"]
[WhiteTeam "SK Herborn 1946"]
[BlackTeam "SK Bad Homburg 1927"]

1. c4 c6 2. g3 Nf6 3. Bg2 e6 4. d4 d5 5. Nf3 dxc4 6. Ne5 b5 7. Nxc6 Qb6 8. Ne5 Bb7 9. O-O Bxg2 10. Kxg2 Nc6 11. Nf3 Rd8 12. e3 Nb4 13. b3 Rc8 14. Nc3 Be7 15. Bd2 O-O 16. Rb1 Qa6 17. bxc4 bxc4 18. Rb2 Nfd5 19. Nxd5 Nxd5 20. Rc2 c3 21. e4 cxd2 22. exd5 Rxc2 23. Qxc2 Bb4 24. Nxd2 Rc8 25. Qd1 Qxa2 26. Nf3 Qxd5 27. Qe2 Rc3 28. Rd1 a5 29. Rd3 Qb5 30. Ne1 a4 31. Qe4 Qd5 32. Qxd5 exd5 33. Rxc3 Bxc3 34. Nc2 Bb2 35. Nb4 a3 36. Kf3 Bxd4 37. Ke2 Bc5 38. Na2 f5 39. f3 Kf7 40. Kd3 Ke6 41. f4 Kd6 42. Nc3 Kc6 43. Na2 Bg1 44. h3 h5 45. Kc3 Kc5 46. Kd3 Bf2 47. g4 hxg4 48. hxg4 fxg4 49. Nc3 g3 50. Ke2 Kc4 0-1

[Event "Sparkassen-Open A"]
[Site "Heusenstamm, Martinsee"]
[Date "2024.11.22"]
[Round "2.15"]
[White "Wernicke, Dieter"]
[Black "Gärtner, David"]
[Result "0-1"]
[WhiteElo "1601"]
[BlackElo "1722"]
[PlyCount "80"]
[EventDate "2024.11.21"]
[WhiteTeam "SV Mainspitze Ginsheim"]
[BlackTeam "Sfr.Mainz 1928"]

1. e4 c5 2. Nf3 d6 3. Bc4 Nf6 4. O-O Nxe4 5. Re1 d5 6. Rxe4 dxe4 7. Bxf7+ Kxf7 8. Ne5+ Kg8 9. Qh5 g6 10. Qh4 Bg7 11. Qxe4 Qd4 12. Qxd4 cxd4 13. Nf3 Bg4 14. Ne1 Nc6 15. d3 h5 16. h3 Be6 17. Bf4 Be5 18. Bg5 Bd5 19. Nd2 Kg7 20. Ndf3 Bxf3 21. Nxf3 Bd6 22. Re1 Rhf8 23. a3 a5 24. Re4 Rf5 25. Bd2 Raf8 26. Re2 Bf4 27. Be1 Rb5 28. c3 dxc3 29. Bxc3+ Kg8 30. Re6 Kf7 31. Re4 Bh6 32. Re2 Rd8 33. d4 Bg7 34. Re4 Rbd5 35. h4 Nxd4 36. Ng5+ Ke8 37. Bxd4 Rxd4 38. Re6 Rd1+ 39. Kh2 R8d6 40. Re3 Bh6 0-1

[Event "Sparkassen-Open A"]
[Site "Heusenstamm, Martinsee"]
[Date "2024.11.22"]
[Round "2.17"]
[White "Burow, Roger"]
[Black "Eitel, Liz"]
[Result "1/2-1/2"]
[WhiteElo "1716"]
[BlackElo "1546"]
[PlyCount "46"]
[EventDate "2024.11.21"]
[WhiteTeam "SV 1920 Kelsterbach"]
[BlackTeam "SAbt SV Werder Bremen"]

1. e4 e5 2. Bc4 Nf6 3. d3 Bc5 4. Nc3 c6 5. Bg5 d6 6. h3 O-O 7. Qd2 Be6 8. Bxe6 fxe6 9. Nf3 Nbd7 10. O-O-O d5 11. d4 exd4 12. Nxd4 Bxd4 13. Qxd4 Qc7 14. exd5 exd5 15. Kb1 Qe5 16. Be3 Qxd4 17. Bxd4 c5 18. Bxf6 Nxf6 19. Nxd5 Nxd5 20. Rxd5 Rxf2 21. Rxc5 Rxg2 22. Rc7 h6 23. b3 Rf2 1/2-1/2

[Event "Sparkassen-Open A"]
[Site "Heusenstamm, Martinsee"]
[Date "2024.11.22"]
[Round "2.21"]
[White "Vranic, Dusan"]
[Black "Nguyen, Minh An"]
[Result "0-1"]
[WhiteElo "1490"]
[BlackElo "1708"]
[PlyCount "92"]
[EventDate "2024.11.21"]
[WhiteTeam "Sabt Frankfurter TV 1860"]
[BlackTeam "SV 1920 Hofheim"]

1. d4 g6 2. Bf4 Nf6 3. Nd2 Bg7 4. e4 d6 5. h3 Nh5 6. Bg5 Bxd4 7. Ngf3 Bxb2 8. Rb1 Bg7 9. Be2 Nd7 10. g4 Nhf6 11. Nc4 e5 12. Na5 h6 13. Bh4 g5 14. Bg3 Nxe4 15. Qd3 Nxg3 16. fxg3 Nc5 17. Qe3 c6 18. Nc4 Be6 19. Rd1 Bxc4 20. Bxc4 Qe7 21. Kf2 d5 22. Bb3 Ne4+ 23. Kg2 Qc5 24. Rhe1 Qxe3 25. Rxe3 O-O-O 26. h4 Rhe8 27. c4 Nc5 28. cxd5 Nxb3 29. axb3 cxd5 30. hxg5 e4 31. Nh4 d4 32. Ree1 hxg5 33. Nf5 Bh8 34. Nh6 Rd7 35. Nf5 e3 36. Re2 Re6 37. Kf3 Be5 38. Nxe3 dxe3 39. Rxd7 Kxd7 40. Rxe3 f6 41. Re4 Rb6 42. b4 Kd6 43. Ke3 Kd5 44. Kd3 Rc6 45. Re2 Rc3+ 46. Kd2 Rb3 0-1

[Event "Sparkassen-Open A"]
[Site "Heusenstamm, Martinsee"]
[Date "2024.11.22"]
[Round "2.28"]
[White "Bauer, Ottmar"]
[Black "Stojanoski, Stefan"]
[Result "1-0"]
[WhiteElo "1806"]
[BlackElo "1659"]
[PlyCount "27"]
[EventDate "2024.11.21"]
[WhiteTeam "TSV 1869 e. V. Rottendorf"]
[BlackTeam "SAbt TuS Makkabi Ffm"]

1. e4 e5 2. Nf3 Nc6 3. Bb5 a6 4. Ba4 Nf6 5. d4 exd4 6. O-O b5 7. Bb3 Bc5 8. e5 Ng4 9. Bxf7+ Kf8 10. Bd5 Ra7 11. Nxd4 Ncxe5 12. h3 Nf6 13. Bb3 Ra8 14. Ne6+ 1-0

[Event "Sparkassen-Open A"]
[Site "Heusenstamm, Martinsee"]
[Date "2024.11.22"]
[Round "2.29"]
[White "Bach, Oliver"]
[Black "Lüders, Eric"]
[Result "1-0"]
[WhiteElo "1788"]
[BlackElo "1651"]
[PlyCount "61"]
[EventDate "2024.11.21"]
[WhiteTeam "Sabt Frankfurter TV 1860"]
[BlackTeam "SF Hünstetten"]

1. d4 d5 2. Nf3 Nf6 3. c4 e6 4. Nc3 a6 5. cxd5 exd5 6. e3 Nbd7 7. Bd3 Bd6 8. Qb3 Nb6 9. a4 Be6 10. a5 Nc4 11. Bxc4 dxc4 12. Qxb7 Rb8 13. Qc6+ Qd7 14. Qxd7+ Bxd7 15. Nd2 Bb4 16. O-O Be6 17. e4 c6 18. f4 Bxc3 19. bxc3 Bg4 20. Re1 O-O 21. Nxc4 Rb3 22. Ra3 Rxa3 23. Bxa3 Re8 24. Nd6 Rb8 25. Bb4 Ne8 26. Nxe8 Rxe8 27. Kf2 f5 28. h3 Bh5 29. exf5 Rxe1 30. Kxe1 Kf7 31. g4 1-0

[Event "Sparkassen-Open A"]
[Site "Heusenstamm, Martinsee"]
[Date "2024.11.22"]
[Round "2.30"]
[White "Schlömer, Andreas"]
[Black "Chiokadze, Barbare"]
[Result "1/2-1/2"]
[WhiteElo "1767"]
[BlackElo "1644"]
[PlyCount "101"]
[EventDate "2024.11.21"]
[WhiteTeam "SK Upland Willingen"]
[BlackTeam "David Jojua Schachschule"]

1. c4 e6 2. g3 Nf6 3. Bg2 d5 4. Nf3 Be7 5. b3 c5 6. cxd5 exd5 7. d4 O-O 8. O-O Nc6 9. dxc5 Bxc5 10. Bb2 Be6 11. Qc2 Bb6 12. Ng5 Nb4 13. Qd2 Ba5 14. Nxe6 fxe6 15. Bc3 Nc6 16. Bxa5 Qxa5 17. Qxa5 Nxa5 18. Nd2 Nc6 19. e3 Rac8 20. Bh3 Rfe8 21. Rac1 Nd7 22. Rc3 Nf8 23. Rfc1 Rcd8 24. Nf3 Nb4 25. Rc7 Rb8 26. a3 Nc6 27. Bf1 Rec8 28. Rxc8 Rxc8 29. Nd4 e5 30. Bh3 Rc7 31. Ne6 Re7 32. Nxf8 Kxf8 33. Bg2 e4 34. Rd1 Re5 35. b4 Ke7 36. Kf1 h6 37. h4 g5 38. hxg5 Rxg5 39. Ke2 Re5 40. Bh3 Kd8 41. Kd2 Rh5 42. Bg4 Rg5 43. Be2 Rf5 44. Ke1 Kc7 45. Bg4 Rg5 46. Be2 Kd6 47. Kd2 Ne5 48. Rh1 Rg6 49. Rh4 Rf6 50. Ke1 a6 51. Rh5 1/2-1/2

[Event "Sparkassen-Open A"]
[Site "Heusenstamm, Martinsee"]
[Date "2024.11.22"]
[Round "2.31"]
[White "Vick, Edward"]
[Black "Ahrens, Gunnar"]
[Result "1/2-1/2"]
[WhiteElo "1626"]
[BlackElo "1760"]
[PlyCount "112"]
[EventDate "2024.11.21"]
[WhiteTeam "TuS Makkabi Wiesbaden"]
[BlackTeam "Delmenhorster SK V 1931"]

1. e4 Nc6 2. d4 d5 3. exd5 Qxd5 4. Nf3 Bg4 5. Be2 O-O-O 6. Be3 e6 7. O-O Nf6 8. c3 h6 9. Nbd2 g5 10. Qb3 Na5 11. Qxd5 Nxd5 12. Rfe1 f5 13. Ne5 Bxe2 14. Rxe2 f4 15. Nf7 Bg7 16. Nxd8 Rxd8 17. Rf1 Rf8 18. Bxf4 Nxf4 19. Re3 Kd7 20. Rfe1 Re8 21. b4 Nc6 22. Ne4 b6 23. Ng3 Re7 24. Ne2 Nd5 25. Rd3 Ncxb4 26. cxb4 Nxb4 27. Rd2 Nd5 28. g3 Rf7 29. Nc1 a5 30. a3 Rf3 31. Rd3 Rxd3 32. Nxd3 Bxd4 33. Ne5+ Bxe5 34. Rxe5 Kd6 35. Re2 c5 36. Kf1 e5 37. Ke1 c4 38. Kd2 b5 39. Re4 Nf6 40. Re2 Kd5 41. f3 Kd4 42. Kc2 Nd5 43. Re4+ Kc5 44. Rxe5 b4 45. axb4+ axb4 46. h4 b3+ 47. Kb2 Kd4 48. Re4+ Kd3 49. Re8 Ne3 50. Rb8 Nd1+ 51. Kc1 Ke2 52. hxg5 hxg5 53. f4 gxf4 54. gxf4 Ne3 55. Kb2 Kd3 56. Rd8+ Ke4 1/2-1/2

[Event "Sparkassen-Open A"]
[Site "Heusenstamm, Martinsee"]
[Date "2024.11.22"]
[Round "2.32"]
[White "Lingl, Peter"]
[Black "Tomovski, Leon"]
[Result "1-0"]
[WhiteElo "1757"]
[BlackElo "1495"]
[PlyCount "73"]
[EventDate "2024.11.21"]
[WhiteTeam "SC JÄKLECHEMIE Talente Franken e"]
[BlackTeam "Karlsruher SF 1853"]

1. e4 e6 2. d4 d5 3. Nc3 Bb4 4. e5 c5 5. Qg4 Ne7 6. Qxg7 Rg8 7. Qxh7 cxd4 8. a3 dxc3 9. axb4 cxb2 10. Bxb2 a6 11. g3 Nbc6 12. c3 b5 13. Bxb5 Bb7 14. Bf1 Qb6 15. Nf3 Nxb4 16. Bg2 Nbc6 17. Rb1 Qc7 18. Qh5 Ng6 19. O-O Ngxe5 20. Qh7 Kd7 21. Nxe5+ Nxe5 22. f4 Ng4 23. Qxf7+ Kc6 24. Qxe6+ Qd6 25. Qxd6+ Kxd6 26. c4 Ne3 27. Rf3 Nxc4 28. Be5+ Kc6 29. Rc3 Kd7 30. Rxb7+ Kc8 31. Bxd5 a5 32. Rxc4+ Kd8 33. Rcc7 a4 34. Bxg8 a3 35. Ba2 Ke8 36. Rh7 Kf8 37. Rh8# 1-0

[Event "Sparkassen-Open A"]
[Site "Heusenstamm, Martinsee"]
[Date "2024.11.22"]
[Round "2.35"]
[White "Milman, Sophie"]
[Black "Grünzig, Matthias"]
[Result "1/2-1/2"]
[WhiteElo "1607"]
[BlackElo "1681"]
[PlyCount "37"]
[EventDate "2024.11.21"]
[WhiteTeam "VSG 1880 Offenbach"]
[BlackTeam "FV Berkersheim"]

1. e4 d5 2. exd5 Qxd5 3. Nc3 Qa5 4. d4 c6 5. Bd2 Qc7 6. Bc4 Bf5 7. Nf3 e6 8. O-O Nf6 9. Re1 Be7 10. Bb3 O-O 11. Ne5 Bd6 12. Bf4 Nd5 13. Nxd5 cxd5 14. Qd2 Nd7 15. Nd3 Bxd3 16. Bxd6 Qxd6 17. Qxd3 Nf6 18. c3 a5 19. Ba4 1/2-1/2

[Event "Sparkassen-Open A"]
[Site "Heusenstamm, Martinsee"]
[Date "2024.11.22"]
[Round "2.36"]
[White "Li, Xiao Teng"]
[Black "Maibaum, Harry"]
[Result "1/2-1/2"]
[WhiteElo "1680"]
[BlackElo "1610"]
[PlyCount "43"]
[EventDate "2024.11.21"]
[WhiteTeam "SK Bad Homburg 1927"]
[BlackTeam "Sfr.Heimersheim"]

1. c4 e5 2. Nc3 Nc6 3. g3 Nf6 4. Bg2 Be7 5. e3 d6 6. Nge2 O-O 7. d4 exd4 8. exd4 Re8 9. O-O h6 10. Bf4 Bf8 11. Re1 Ne7 12. Qd2 c6 13. Ne4 Nxe4 14. Bxe4 Ng6 15. Bg2 Nxf4 16. Nxf4 Be7 17. Qc3 Bd7 18. Qb3 Qc7 19. Re4 Bf6 20. d5 c5 21. Rae1 Rxe4 22. Rxe4 1/2-1/2

[Event "Sparkassen-Open A"]
[Site "Heusenstamm, Martinsee"]
[Date "2024.11.22"]
[Round "2.37"]
[White "Wöhl, Torsten"]
[Black "Ritonnale, Theo"]
[Result "0-1"]
[WhiteElo "1648"]
[BlackElo "1847"]
[PlyCount "80"]
[EventDate "2024.11.21"]
[WhiteTeam "SC Groß-Zimmern"]
[BlackTeam "Sfr.Mainz 1928"]

1. d4 Nf6 2. Bf4 g6 3. e3 Bg7 4. c3 d6 5. Nd2 O-O 6. Be2 Nbd7 7. Ngf3 b6 8. O-O c5 9. h3 Bb7 10. Nh2 e5 11. Bg3 Qe7 12. Bf3 e4 13. Be2 d5 14. c4 cxd4 15. exd4 e3 16. Nb3 Ne4 17. Ng4 exf2+ 18. Bxf2 Nxf2 19. Nxf2 Nf6 20. Bf3 dxc4 21. Bxb7 Qxb7 22. Nd2 b5 23. Ng4 Nd5 24. Ne4 f5 25. Nc5 Qb6 26. Nd7 Qxd4+ 27. Qxd4 Bxd4+ 28. Nf2 Rfd8 29. Rad1 Bxf2+ 30. Rxf2 Rxd7 31. h4 Rad8 32. h5 Ne3 33. Rxd7 Rxd7 34. Rc2 Ng4 35. g3 Kf7 36. hxg6+ hxg6 37. Kg2 b4 38. Kh3 c3 39. bxc3 bxc3 40. Re2 Rd2 0-1